000 00461ntaaa2200181 4500
003 01
005 20251027202353.0
008 0714s1973 ag 01
040 _aAR-BaBN
_bspa
_cAR-BaBN
_eaacr
_dRIC
082 _a282.0000 M43m
245 _aLos medios de comunicación social
250 _a1 ed.
260 _aBuenos Aires :
_bPaulinas,
_c1971
300 _a128 p ;
_c15 cm
650 _acatolicismo
_9316
650 _aComunicación-medios
_94806
942 _cBK
999 _c18617
_d18617